| 000 | 00578cam a2200217ua 4500 | ||
|---|---|---|---|
| 020 |
_a81-85304-36-X _c110.00 |
||
| 041 |
_aeng _h |
||
| 082 |
_a692.5 _bCHA/ES |
||
| 100 | _aChakraborti, M . | ||
| 245 |
_aEstimating, costing, specification and valuation in civil engineering / _cM Chakraborti. _hTextual Documents |
||
| 250 |
_a11 / _b. |
||
| 260 |
_aCalcutta : _bM Chakraborti , _c1992. |
||
| 300 | _a824 ; . | ||
| 365 | _a110.00 | ||
| 504 | _a | ||
| 942 | _cBK | ||
| 999 |
_c7436 _d7436 |
||